LEADER 01249nam--2200409---450- 001 990000877820203316 005 20051215150600.0 035 $a0087782 035 $aUSA010087782 035 $a(ALEPH)000087782USA01 035 $a0087782 100 $a20020116d1976----km-y0itay0103----ba 101 $aita 102 $aIT 105 $a||||||||001yy 200 1 $aChabrol$eClaude Chabrol$fdi Angelo Moscariello 210 $aFirenze$cLa nuova Italia$d1976 215 $a118 p$d17 cm 225 2 $aIl castoro cinema$x0392-4440 300 $aFnito di stampare nel 1977 410 $12001$aIl castoro cinema$x0392-4440 606 0 $aChabrol, Claude 676 $a791.43 700 1$aMOSCARIELLO,$bAngelo$0142824 801 0$aIT$bsalbc$gISBD 912 $a990000877820203316 951 $aXIII.2. Coll. 3/ 104(XVI D COLL. 1/34)$b138995 LM$cXVI D COLL. 951 $aXIII.2. Coll. 3/ 104a(VII C Coll 22/34)$b74539 LM$cVII C 959 $aBK 969 $aUMA 979 $aPATTY$b90$c20020116$lUSA01$h1214 979 $c20020403$lUSA01$h1732 979 $aPATRY$b90$c20040406$lUSA01$h1700 979 $aCOPAT2$b90$c20050426$lUSA01$h1551 979 $aCOPAT5$b90$c20051215$lUSA01$h1506 996 $aChabrol$9904354 997 $aUNISA